000 00735nam a2200241 a 4500
999 _c8641
_d8641
001 8641
003 OST
005 20180228171949.0
008 180217b1999 bg a|||| |||| 000 0 ben d
020 _a9840739654
035 _a(BD-JhCC)8641
040 _aBD-JhCC
_dBD-JhCC
041 _aben
082 _a628
_bAMI 1999
100 _aআমিন, ড.মো: সদরুল
245 _aপরিবেশ বিজ্ঞান: কৃষি বনায়ন /
_c ড.মো: সদরুল আমিন
260 _aঢাকা :
_bবাংলা একাডেমী,
_c1999.
300 _a376 p. :
_c24 cm.
_bill . ;
650 _aEnvironmental science
650 _aAgrofroestry
942 _2ddc
_cBK